000 01119pam a2200301 a 4500
999 _c41130
_d41130
001 3015192
003 OSt
005 20210705110209.0
008 940707s1994 nyua b 001 0 eng
010 _a 94026837
020 _a9780306447907
020 _a0306447908
040 _aDLC
_cDLC
_dDLC
050 0 0 _aQC174.12
_b.S52 1994
082 0 0 _a530.12
_220
_bSHA/P
100 1 _aShankar, Ramamurti
_98633
245 1 0 _aPrinciples of quantum mechanics /
_cR. Shankar.
250 _a2nd ed.
260 _aNew York :
_bPlenum Press,
_cc1994.
300 _axviii, 676 p. :
_bill. ;
_c27 cm.
504 _aIncludes bibliographical references and index.
650 0 _aQuantum theory.
856 4 2 _3Publisher description
_uhttp://www.loc.gov/catdir/enhancements/fy0813/94026837-d.html
856 4 1 _3Table of contents only
_uhttp://www.loc.gov/catdir/enhancements/fy0813/94026837-t.html
906 _a7
_bcbc
_corignew
_d1
_eocip
_f19
_gy-gencatlg
942 _2ddc
_cBK
_h530.12
_iSHA/P
_k530.12
_mSHA/P